书目信息 |
| 题名: |
超级武器的秘密
|
|
| 作者: | 立花正照 著 ;年华 译 | |
| 分册: | ||
| 出版信息: | 天津 天津人民出版社 1982.05 |
|
| 页数: | 167页 | |
| 开本: | 19cm | |
| 丛书名: | ||
| 单 册: | ||
| 中图分类: | E92 | |
| 科图分类: | ||
| 主题词: | 武器--军事技术 , 军用器材--军事技术 | |
| 电子资源: | ||
| ISBN: | ||
| 000 | 00722nam0 2200229 45 | |
| 001 | 0404241392 | |
| 005 | 20061024111447.75 | |
| 010 | @dCNY0.55 | |
| 091 | @a5072.4 | |
| 100 | @a20040424d1982 km y0chiy0120 ea | |
| 101 | 0 | @achi |
| 200 | 1 | @a超级武器的秘密@AChao Ji Wu Qi De Mi Mi@e我们已面临如此现实@EWo Men Yi Mian Lin Ru Ci Xian Shi@f(日)立花正照著@F(Ri)Li Hua Zheng Zhao Zhu@g年华译 |
| 210 | @a天津@c天津人民出版社@d1982.05 | |
| 215 | @a167页@c图片@d19cm | |
| 517 | @a我们已面临如此现实@AWo Men Yi Mian Lin Ru Ci Xian Shi | |
| 606 | 0 | @a武器@x军事技术 |
| 606 | 0 | @a军用器材@x军事技术 |
| 690 | @aE92@v3 | |
| 701 | 0 | @a立花正照@4著 |
| 702 | 0 | @a年华@ANian Hua@4译 |
| 801 | @aCN@bTSTCL@c20061024 | |
| 905 | @dE92@e4 | |
| 超级武器的秘密:我们已面临如此现实/(日)立花正照著/年华译.-天津:天津人民出版社,1982.05 |
| 167页:图片;19cm |
| ISBN :CNY0.55 |
| ● |
| 相关链接 |
|
|
|
|
正题名:超级武器的秘密
索取号:E92/4
 
预约/预借
| 序号 | 登录号 | 条形码 | 馆藏地/架位号 | 状态 | 备注 |
| 1 | 0176049 | 001264731 | 第一样本阅览室/ [索取号:E92/4] | 在馆 |